|
|
|
|
| LEADER |
00000naa2a2200000 4500 |
| 001 |
465408 |
| 005 |
20231101090338.0 |
| 035 |
|
|
|a (RuTPU)RU\TPU\prd\129972
|
| 035 |
|
|
|a RU\TPU\prd\129971
|
| 090 |
|
|
|a 465408
|
| 100 |
|
|
|a 20120127a1980 k y0rusy50 ca
|
| 101 |
0 |
|
|a rus
|
| 102 |
|
|
|a RU
|
| 200 |
1 |
|
|a Исследование особенностей зонной структуры в окрестности уровня Ферми сплавов Fe-Mn, легированных хромом
|f Р. А. Газиев, В. С. Демиденко, В. Е. Панин
|
| 461 |
|
1 |
|0 (RuTPU)RU\TPU\prd\406
|x 0015-3230
|t Физика металлов и металловедение
|f Российская академия наук (РАН), Уральское отделение (УрО), Институт физики металлов (ИФМ)
|d 1955-
|
| 463 |
|
1 |
|0 (RuTPU)RU\TPU\prd\110631
|t Т. 50, вып. 5
|v С. 989-994
|d 1980
|
| 610 |
1 |
|
|a труды учёных ТПУ
|
| 700 |
|
1 |
|a Газиев
|b Р. А.
|
| 701 |
|
1 |
|a Демиденко
|b В. С.
|
| 701 |
|
1 |
|a Панин
|b В. Е.
|c специалист в области физики и механики деформируемого твердого тела, физического материаловедения
|c доктор физико-математических наук, профессор Томского политехнического университета
|c зав. кафедрой материаловедения в машиностроении
|c директор Российского материаловедческого центра
|c научный руководитель Института физики прочности и материаловедения СО РАН
|f 1930-
|g Виктор Евгеньевич
|2 stltpush
|3 (RuTPU)RU\TPU\pers\12102
|
| 801 |
|
1 |
|a RU
|b 63413507
|c 20120127
|
| 801 |
|
2 |
|a RU
|b 63413507
|c 20120127
|g RCR
|
| 942 |
|
|
|c BK
|